عرض عادي
عرض مارك
- Pharmacology, Clinical
مدخل مصطلح موضوعي
001 - رقم الضبط
- حقل الضبط: 34781
003 - معرف رقم الضبط
- حقل الضبط: OSt
005 - تاريخ ووقت أخر عملية
- حقل الضبط: 20130326011352.0
008 - عناصر بيانات ثابتة الطول
- حقل تحكم ثابت الطول: 130326|||a|||||| | ||| d
040 ## - مصدر الفهرسة
- هيئة الفهرسة الأصلية: OSt
- وكالة الكتابة: OSt
150 ## - مدخل-- مصطلح تاريخي
- عنصر مدخل المصطلح الموضوعي او الاسم الجغرافي: Pharmacology, Clinical
- تفريع عام: methods
- تفريع شكلي: Nurses' Instruction.
670 ## - بيانات المصدر موجوده
- الاستشهاد بالمصدر: Work cat.: (OSt)29300: Deglin, Judith Hopfer, 1950-, Davis's drug guide for nurses /, c2011.
